| 000 | 00494nam a22001577a 4500 | ||
|---|---|---|---|
| 008 | 161110b xxu||||| |||| 00| 0 eng d | ||
| 050 | _aHX826.T891 | ||
| 100 |
_aTucker, Benjamin R. _927412 |
||
| 245 |
_aState socialism and anarchism _b:and other essays _c/ Benjamin R. Tucker |
||
| 260 |
_aColorado Springs _bRalph Myles _c1972 |
||
| 300 |
_a37p.; _c21cm. |
||
| 440 |
_aLibertarian broadsides _n4 _927413 |
||
| 650 |
_aSocialism _919902 |
||
| 650 |
_aAnarchism _927414 |
||
| 942 |
_2lcc _cMONOGRAPH |
||
| 999 |
_c125714 _d125714 |
||